000 00573nam a22001817a 4500
005 20231127101612.0
008 231127b |||||||| |||| 00| 0 eng d
020 _a9780199668069
041 _aEnglish
082 _a340.1 SUS
100 _aSusskind, R
_lEnglish
245 _aTomorrow's Lawyers :
_bAn Introduction to your Future /
_cR Susskind
250 _aFirst Edition
260 _aUnited Kingdom :
_bOxford University Press,
_c2013
300 _bxviii, 180 pages ;
_c21 cm.
650 _aLegal practice
_bLaw
942 _cBK
_6ALISON_BN_VRIES
999 _c975
_d975